[Event "N4 BME / BLAGNY"]
[Site "?"]
[Date "????.??.??"]
[Round "3"]
[White "PELTRIAUX, Guillaume"]
[Black "LEFEBVRE, Brice"]
[Result "1/2-1/2"]
[WhiteElo "1780"]
[BlackElo "1470"]
[PlyCount "83"]
[EventDate "2006.12.10"]
[SourceDate "2007.03.18"]

1. e4 e5 2. Nf3 d6 3. d4 exd4 4. Nxd4 Nf6 5. Nc3 d5 6. e5 Ne4 7. Nxe4 dxe4 8.
c3 Bc5 9. Qa4+ Qd7 10. Qxd7+ Bxd7 11. Be3 Nc6 12. Nxc6 Bxe3 13. Na5 b6 14. Nc4
Bc5 15. O-O-O O-O-O 16. Rd2 Be6 17. Rxd8+ Rxd8 18. f3 exf3 19. gxf3 a6 20. b4
Be7 21. a4 Kb7 22. Rg1 g6 23. Be2 c5 24. b5 axb5 25. axb5 f6 26. f4 fxe5 27.
Nxe5 Bd6 28. Bf3+ Kc7 29. Re1 Rf8 30. Re4 Bxe5 31. Rxe5 Rxf4 32. Rxe6 Rxf3 33.
Re7+ Kb8 34. Rxh7 Rxc3+ 35. Kb2 Rc4 36. Rh6 Rg4 37. h3 Rg3 38. h4 Kc7 39. Rh7+
Kc8 40. Rh8+ Kc7 41. Rh7+ Kc8 42. Rh8+ 1/2-1/2

[Event "N4 BME / BLAGNY"]
[Site "?"]
[Date "????.??.??"]
[Round "3"]
[White "BELGUIRAL, Baptiste"]
[Black "BEAUDIOT, Alain"]
[Result "0-1"]
[WhiteElo "1350"]
[BlackElo "1710"]
[PlyCount "82"]
[EventDate "2006.12.10"]
[SourceDate "2007.03.18"]

1. e4 c5 2. Nc3 a6 3. a4 e6 4. Bc4 d6 5. Nf3 Nf6 6. e5 dxe5 7. Nxe5 Qc7 8. Nf3
Be7 9. O-O O-O 10. d3 b6 11. Ne2 Bd6 12. g3 Bb7 13. Nd2 Qc6 14. f3 Nbd7 15. c3
Ne5 16. b3 b5 17. axb5 axb5 18. Rxa8 Rxa8 19. Bxb5 Qxb5 20. c4 Qc6 21. Ne4 Nxe4
22. fxe4 Qb6 23. Be3 Ng4 24. Qd2 Nxe3 25. Qxe3 Qxb3 26. Qf3 Rf8 27. Nc1 Qa3 28.
Ne2 Be5 29. Nf4 Bxf4 30. gxf4 f5 31. Qg3 fxe4 32. dxe4 Qxg3+ 33. hxg3 Bxe4 34.
Re1 Bf5 35. Kf2 Rd8 36. Rb1 Rd2+ 37. Ke3 Rd4 38. Rb8+ Kf7 39. Rb7+ Kf6 40. Rb4
cxb4 41. Kxd4 b3 0-1

[Event "N4 BME / BLAGNY"]
[Site "?"]
[Date "????.??.??"]
[Round "3"]
[White "ROMAIN, Adeline"]
[Black "FAUCON, Arthur"]
[Result "1-0"]
[WhiteElo "1640"]
[BlackElo "1190"]
[PlyCount "71"]
[EventDate "2006.12.10"]
[SourceDate "2007.03.18"]

1. d4 d5 2. Nf3 Nc6 3. e3 Nf6 4. Nbd2 g6 5. g3 Bg7 6. Bg2 O-O 7. b3 Bf5 8. c3
Ne4 9. Nxe4 Bxe4 10. O-O Qd6 11. a4 Rae8 12. Ba3 Qd8 13. b4 f6 14. b5 Na5 15.
Bb4 Nc4 16. Nd2 Bxg2 17. Kxg2 Nxd2 18. Qxd2 Rf7 19. a5 e5 20. Rfc1 Qd7 21. Qe2
c6 22. bxc6 bxc6 23. Bc5 exd4 24. cxd4 f5 25. Qa6 Rb8 26. Bxa7 Qxa7 (26... Ra8
27. Qxc6 Qxc6 28. Rxc6) 27. Qxc6 Qb7 28. a6 Qxc6 29. Rxc6 Ra8 30. Rb1 Raa7 31.
Rbb6 g5 32. Rd6 Rfd7 33. Rxd7 Rxd7 34. Rb7 Rd8 35. a7 Ra8 36. Rb8+ 1-0

[Event "N5 Tour du Roi / Reims"]
[Site "?"]
[Date "????.??.??"]
[Round "3"]
[White "LOUIS, André"]
[Black "LAMPSON, Franck"]
[Result "1-0"]
[WhiteElo "1900"]
[BlackElo "1510"]
[PlyCount "79"]
[EventDate "2006.12.10"]
[SourceDate "2007.03.18"]

1. e4 e6 2. d4 d5 3. e5 c5 4. c3 Nc6 5. Nf3 Qb6 6. a3 a5 7. Bd3 Nh6 8. O-O Nf5
9. Bxf5 exf5 10. Re1 Be7 11. a4 O-O 12. Na3 cxd4 13. cxd4 Bd7 14. Nb5 Nb4 15.
Nc3 Rac8 16. Re2 Rfe8 17. Bg5 Rf8 18. Bc1 Rc6 19. Bg5 Re8 20. Bxe7 Rxe7 21. Ra3
f4 22. Rb3 Bg4 23. Nxd5 Nxd5 24. Rxb6 Nxb6 25. Rc2 Nd5 26. Rxc6 bxc6 27. Qb3
Nb4 28. Ng5 h6 29. f3 Be6 30. Nxe6 fxe6 31. Qc4 Kf7 32. g3 fxg3 33. hxg3 Rc7
34. f4 Nd5 35. Qc5 Rb7 36. Qxc6 Rxb2 37. f5 Rb1+ 38. Kh2 Rb2+ 39. Kh3 Rb6 40.
fxe6+ 1-0

[Event "N5 Tour du Roi / Reims"]
[Site "?"]
[Date "????.??.??"]
[Round "3"]
[White "LASSALLE, Arnaud"]
[Black "BARAT, Jacques"]
[Result "1/2-1/2"]
[WhiteElo "2000"]
[BlackElo "1700"]
[PlyCount "54"]
[EventDate "2006.12.10"]
[SourceDate "2007.03.18"]

1. e4 c5 2. Nf3 d6 3. d4 cxd4 4. Nxd4 Nf6 5. Nc3 a6 6. a4 Nc6 7. Bc4 e6 8. Be3
Be7 9. O-O O-O 10. Kh1 Qc7 11. Bb3 Na5 12. Ba2 Nc4 13. Bc1 Bd7 14. Qe2 Ne5 15.
f4 Nc6 16. Be3 Rac8 17. f5 Nxd4 18. Bxd4 exf5 19. exf5 Bc6 20. Rae1 Rce8 21.
Qd2 Bd8 22. Qg5 Rxe1 23. Rxe1 Re8 24. Rxe8+ Nxe8 25. Qf4 Bf6 26. Bb3 Qe7 27. h3
Bxd4 1/2-1/2

[Event "N5 Tour du Roi / Reims"]
[Site "?"]
[Date "????.??.??"]
[Round "3"]
[White "TURLIN, Simon"]
[Black "HACENE, Ahmed"]
[Result "0-1"]
[WhiteElo "1640"]
[BlackElo "1900"]
[PlyCount "76"]
[EventDate "2006.12.10"]
[SourceDate "2007.03.18"]

1. e4 e6 2. d4 d5 3. e5 c5 4. c3 Nc6 5. Nf3 Nge7 6. a3 cxd4 7. cxd4 Nf5 8. b4
Qb6 9. Bb2 Bd7 10. Be2 Be7 11. O-O O-O 12. Qd3 a6 13. Nbd2 Nxb4 14. axb4 Bb5
15. Qb3 Bxe2 16. Rfe1 Bxf3 17. Nxf3 Qxb4 18. Qxb4 Bxb4 19. Reb1 b5 20. Ra2 Rfc8
21. h3 Bf8 22. g4 Ne7 23. Bc1 a5 24. Bd2 b4 25. Kg2 Nc6 26. Be3 a4 27. Nd2 b3
28. Rab2 Na5 29. Ra1 Nc4 30. Rbb1 Nxe3+ 31. fxe3 Rc2 32. Rd1 Bb4 33. Rdb1 Rxd2+
34. Kf3 b2 35. Ra2 a3 36. Kg3 Rc8 37. Kf3 Rc1 38. Rxc1 bxc1=Q 0-1

[Event "N5 Tour du Roi / Reims"]
[Site "?"]
[Date "????.??.??"]
[Round "3"]
[White "SIGAL, Roselyne"]
[Black "ROULE, Angela"]
[Result "0-1"]
[WhiteElo "1040"]
[BlackElo "1330"]
[PlyCount "48"]
[EventDate "2006.12.10"]
[SourceDate "2007.03.18"]

1. e4 e5 2. Nc3 c5 3. d4 cxd4 4. Nd5 Nf6 5. Nxf6+ Qxf6 6. Bd2 Nc6 7. Bb5 a6 8.
Bc4 Bc5 9. Nf3 O-O 10. O-O d6 11. Bg5 Qg6 12. Be7 Nxe7 13. b4 Bxb4 14. a3 Bc5
15. Nh4 Qxe4 16. Re1 Qxh4 17. Qg4 Qxg4 18. Re2 Qf5 19. f4 d3+ 20. Kh1 dxe2 21.
Rg1 Bxg1 22. Kxg1 Qxc2 23. Bxe2 Qxe2 24. Kh1 Qe1# 0-1

[Event "N5 Tour du Roi / Reims"]
[Site "?"]
[Date "????.??.??"]
[Round "3"]
[White "HOLGADO, Sébastien"]
[Black "TRISTANT, Roger"]
[Result "1-0"]
[WhiteElo "1450"]
[BlackElo "1891"]
[PlyCount "81"]
[EventDate "2006.12.10"]
[SourceDate "2007.03.18"]

1. e4 e5 2. Nf3 Nc6 3. Bc4 Bc5 4. d3 h6 5. Nc3 Nf6 6. a3 a6 7. Nd5 b5 8. Ba2
O-O 9. b4 Ba7 10. Bb2 d6 11. h3 Be6 12. O-O Ne8 13. Qe2 Rb8 14. c4 Ne7 15. d4
f6 16. dxe5 fxe5 17. Rfd1 c6 18. Ne3 Qc7 19. c5 Bxa2 20. cxd6 Nxd6 21. Bxe5 Bf7
(21... Bd5 22. exd5 c5) 22. Bxd6 Qb7 23. Bxb8 Bxb8 24. e5 Nd5 25. Nxd5 Bxd5 26.
e6 Qe7 27. Re1 Ba7 28. Qe5 Bxf3 29. gxf3 Rxf3 30. Qh2 Bxf2+ 31. Qxf2 Rxf2 32.
Kxf2 c5 33. bxc5 Qxc5+ 34. Kg2 Qe7 35. Rad1 a5 36. Rd7 Qxa3 37. e7 Qa2+ 38. Kg1
Qc2 39. e8=Q+ Kh7 40. Qe4+ Qxe4 41. Rxe4 1-0

[Event "N5 Tour du Roi / Reims"]
[Site "?"]
[Date "????.??.??"]
[Round "3"]
[White "OGUZ, Mustafa"]
[Black "LESUEUR, Christophe"]
[Result "0-1"]
[WhiteElo "1299"]
[BlackElo "1360"]
[PlyCount "54"]
[EventDate "2006.12.10"]
[SourceDate "2007.03.18"]

1. e4 e5 2. d3 Nc6 3. Nc3 Bb4 4. Bd2 Nf6 5. Nf3 O-O 6. g3 d5 7. a3 Be7 8. exd5
Nxd5 9. Nxd5 Qxd5 10. Bg2 e4 11. dxe4 Qxe4+ 12. Be3 Bg4 13. O-O Qf5 14. Bf4
Rad8 15. Qe2 Bd6 16. Bg5 Bxf3 17. Qxf3 Qxg5 18. Qc3 Be5 19. Qb3 Na5 20. Qb5 Bf6
21. Qb4 Rd4 22. Qc3 Rc4 23. Qe1 Rxc2 24. b4 Bxa1 25. bxa5 Bc3 26. Qe4 Rb2 27.
Rc1 Qxc1+ 0-1

[Event "N5 Tour du Roi / Reims"]
[Site "?"]
[Date "????.??.??"]
[Round "3"]
[White "HALFAOUI, Eddine"]
[Black "MENISSIER, Alain"]
[Result "0-1"]
[WhiteElo "1560"]
[BlackElo "1410"]
[PlyCount "75"]
[EventDate "2006.12.10"]
[SourceDate "2007.03.18"]

1. e4 c6 2. d4 d5 3. e5 Bf5 4. Nf3 h6 5. Bd3 Bxd3 6. Qxd3 e6 7. Nc3 Nd7 8. O-O
Ne7 9. Ne2 c5 10. dxc5 Nxc5 11. Qb5+ Nc6 12. Be3 a6 13. Qxc5 Bxc5 14. Bxc5 Qc7
15. Bd6 Qb6 16. b3 Ne7 17. Nc3 Qd8 18. Rfd1 Nc8 19. Bc5 Qc7 20. Bd4 O-O 21. Rd3
Ne7 22. Rc1 b6 23. Be3 Nc6 24. Bf4 Rad8 25. Re1 Nb4 26. Ree3 Nxd3 27. Rxd3 b5
28. Nd4 b4 29. Nce2 Rc8 30. Rg3 Kh7 31. Rg4 g5 32. Bg3 Rg8 33. h4 gxh4 34. Rxh4
Rg7 35. Bf4 Rg6 36. Ng3 Rcg8 37. Rh2 Qc3 38. Kf1 0-1

[Event "N4"]
[Site "bogny/rilly"]
[Date "2006.12.10"]
[Round "3"]
[White "GUYON, Cyndie"]
[Black "BARDOUX, Thierry"]
[Result "0-1"]
[WhiteElo "1864"]
[BlackElo "2156"]
[PlyCount "106"]
[EventDate "2006.12.10"]
[SourceDate "2007.03.18"]

1. d4 Nf6 2. c4 d6 3. Nc3 g6 4. e4 Bg7 5. Bg5 O-O 6. Qd2 c5 7. d5 Na6 8. f4 Re8
9. Be2 Nc7 10. Nf3 Bg4 11. O-O Nd7 12. h3 Bxf3 13. Bxf3 Rb8 14. a4 a6 15. Be2
Nb6 16. Bh4 Qd7 17. Bg3 Bxc3 18. Qxc3 Nxa4 19. Qc2 b5 20. Bg4 Qd8 21. f5 Nb6
22. b3 Nd7 23. Qd2 bxc4 24. bxc4 Rb3 25. Bh2 Kg7 26. fxg6 hxg6 27. Qf2 Rf8 28.
Bf4 f6 29. Qc2 Rb8 30. Be2 Ne5 31. Rfb1 Qd7 32. Bd2 Rfd8 33. Ba5 Rdc8 34. Bd2
Kf7 35. Bc3 Rxb1+ 36. Rxb1 Ra8 37. Ba5 Ne8 38. Rb2 Ng7 39. Bc3 a5 40. Ra2 a4
41. Bxe5 dxe5 42. Ra3 Ne8 43. Bd1 Nd6 44. Qd3 Kg7 45. Bc2 Qb7 46. Rxa4 Rxa4 47.
Bxa4 Qb4 48. Bb3 Qe1+ 49. Kh2 Qxe4 50. Qc3 Nf5 51. Bc2 Qf4+ 52. Kg1 Qc1+ 53.
Kh2 Ne3 0-1

[Event "N4"]
[Site "bogny/rilly"]
[Date "2006.12.10"]
[Round "3"]
[White "GASIOR, Jerome"]
[Black "FLAMANT, Jacky"]
[Result "1-0"]
[WhiteElo "2108"]
[BlackElo "1932"]
[PlyCount "65"]
[EventDate "2006.12.10"]
[SourceDate "2007.03.18"]

1. e4 e6 2. d4 d5 3. Nd2 c5 4. Ngf3 Nc6 5. exd5 exd5 6. Bb5 Nf6 7. O-O c4 8.
Re1+ Be7 9. b3 cxb3 10. Ba3 O-O 11. axb3 Bxa3 12. Rxa3 Bg4 13. h3 Nxd4 14. Bf1
Nxf3+ 15. Nxf3 Bxf3 16. Qxf3 a6 17. Rd1 Qc7 18. Bd3 Rfe8 19. Ra4 Re7 20. g4
Rae8 21. Kg2 h6 22. h4 Re5 23. Rd4 Qe7 24. Bf5 Ne4 25. Rxd5 Rxd5 26. Rxd5 Nf6
27. Rd4 Qe5 28. c3 Qe7 29. g5 hxg5 30. hxg5 Nh7 31. Bxh7+ Kxh7 32. Qh5+ Kg8 33.
Rh4 1-0

[Event "N4"]
[Site "bogny/rilly"]
[Date "2006.12.10"]
[Round "3"]
[White "WACZECKA, Jerome"]
[Black "RAULET, Alain"]
[Result "0-1"]
[WhiteElo "1770"]
[BlackElo "2040"]
[PlyCount "90"]
[EventDate "2006.12.10"]
[SourceDate "2007.03.18"]

1. d4 Nf6 2. Nf3 e6 3. Bg5 Be7 4. Nbd2 b6 5. e3 c5 6. c3 h6 7. Bh4 O-O 8. Bd3
Ba6 9. Bxa6 Nxa6 10. Ne5 b5 11. O-O Qc7 12. Qe2 Qb7 13. f4 d6 14. Ng4 Nd5 15.
Bxe7 Nxe7 16. Nf3 Rac8 17. a3 Nb8 18. e4 b4 19. Rfc1 cxd4 20. axb4 dxc3 21.
bxc3 Qb6+ 22. Qe3 Rc7 23. Qxb6 axb6 24. b5 Rfc8 25. Ra3 Nd7 26. Nd2 Nc5 27. c4
Kf8 28. Kf2 d5 29. exd5 exd5 30. Ke2 d4 31. Ne5 Nf5 32. Nd3 Re7+ 33. Kf2 Re3
34. Nxc5 Rxa3 35. Nd7+ Kg8 36. Nxb6 Re8 37. Nf3 Ra2+ 38. Kg1 Ree2 39. g4 Rg2+
40. Kh1 Ne3 41. c5 Rgc2 42. Rb1 d3 43. c6 d2 44. c7 Rc1+ 45. Ng1 Rxc7 0-1

[Event "N4"]
[Site "bogny/rilly"]
[Date "2006.12.10"]
[Round "3"]
[White "MEUNIER, Samuel"]
[Black "PRIOUX, Michel"]
[Result "1-0"]
[WhiteElo "1889"]
[BlackElo "1851"]
[PlyCount "83"]
[EventDate "2006.12.10"]
[SourceDate "2007.03.18"]

1. e4 c6 2. d4 d5 3. Nd2 dxe4 4. Nxe4 Nd7 5. Bd3 Ngf6 6. Ng5 e6 7. N1f3 Bd6 8.
O-O h6 9. Ne4 Nxe4 10. Bxe4 Nf6 11. Bd3 Qc7 12. Qe2 c5 13. c3 cxd4 14. cxd4 Bf4
15. Be3 Bxe3 16. fxe3 O-O 17. Rac1 Qa5 18. a3 Bd7 19. Ne5 Rfc8 20. Rce1 Be8 21.
h4 Rc7 22. g4 Nd7 23. Nf3 Nf8 24. g5 hxg5 25. Nxg5 f6 26. Ne4 Qh5 27. Qh2 Qg4+
28. Kh1 Rf7 29. Rf4 Qh5 30. Ng3 Bc6+ 31. Kg1 Qa5 32. Qf2 e5 33. Rf5 Bb5 34. Bb1
Bd7 35. Ba2 Bxf5 36. Nxf5 Qc7 37. Qg3 g6 38. Nh6+ Kg7 39. Nxf7 Qa5 40. dxe5 f5
41. Rf1 Rc8 42. Qg5 1-0

[Event "N4"]
[Site "bogny/rilly"]
[Date "2006.12.10"]
[Round "3"]
[White "ALCIDI, Valentin"]
[Black "BINIAUX, Mickael"]
[Result "1-0"]
[WhiteElo "1830"]
[BlackElo "1770"]
[PlyCount "111"]
[EventDate "2006.12.10"]
[SourceDate "2007.03.18"]

1. d4 d5 2. c4 c6 3. Nf3 Nf6 4. Nc3 Bf5 5. e3 e6 6. Be2 Nbd7 7. O-O Qc7 8. Re1
b6 9. a3 a5 10. Bd2 Bd6 11. cxd5 Nxd5 12. Rc1 Nxc3 13. Rxc3 Be4 14. h3 h6 15.
Bc1 Nf6 16. Nd2 Rb8 17. Bf3 Bxf3 18. Qxf3 Nd5 19. Rc2 Qd7 20. e4 Ne7 21. e5 Bc7
22. Qg4 Nf5 23. Nf3 b5 24. Qe4 Bb6 25. Be3 Qd5 26. Qxd5 cxd5 27. Rec1 O-O 28.
Kf1 f6 29. g4 Ne7 30. Ke2 Ng6 31. Rc6 fxe5 32. dxe5 Bxe3 33. Kxe3 Rxf3+ 34.
Kxf3 Nxe5+ 35. Ke3 Nxc6 36. Rxc6 Kf7 37. Kd4 Ke7 38. Ke5 Kf7 39. Rc7+ Kg6 40.
Kxe6 Re8+ 41. Kxd5 Re2 42. b4 axb4 43. axb4 Rb2 44. Rc6+ Kg5 45. Kc5 Kh4 46.
Kxb5 Kxh3 47. Rg6 Rxf2 48. Rxg7 Rf4 49. Rg6 Rf8 50. Rxh6+ Kxg4 51. Rc6 Kf5 52.
Kc5 Ke5 53. b5 Rb8 54. Rh6 Ra8 55. b6 Ra6 56. Kc6 1-0

[Event "N4"]
[Site "bogny/rilly"]
[Date "2006.12.10"]
[Round "3"]
[White "DELIAS, Gerard"]
[Black "CHARBAU, Yanick"]
[Result "1/2-1/2"]
[WhiteElo "1660"]
[BlackElo "1830"]
[PlyCount "63"]
[EventDate "2006.12.10"]
[SourceDate "2007.03.18"]

1. c4 Nf6 2. Nc3 e6 3. e4 d6 4. d4 Be7 5. Nf3 O-O 6. Be2 Nbd7 7. O-O c5 8. h3
cxd4 9. Nxd4 e5 10. Nf5 Nc5 11. Nxe7+ Qxe7 12. Qc2 h6 13. Be3 Be6 14. Rad1 b6
15. b4 Nb7 16. a3 Rfc8 17. Nd5 Bxd5 18. exd5 Qc7 19. Qb3 a5 20. Ra1 Rf8 21.
Rfc1 Nd7 22. Bd3 f5 23. f3 Qd8 24. Qc2 Qf6 25. Qb1 f4 26. Bf2 Qd8 27. Qc2 Rc8
28. Qb3 Ra8 29. Qb2 Qc7 30. Qb3 Qd8 31. Qb2 Qc7 32. Qb3 1/2-1/2

[Event "N4"]
[Site "bogny/rilly"]
[Date "2006.12.10"]
[Round "3"]
[White "LEGHBALI, Sophiane"]
[Black "MEYER, Caroline"]
[Result "1-0"]
[WhiteElo "1790"]
[BlackElo "1499"]
[PlyCount "85"]
[EventDate "2006.12.10"]
[SourceDate "2007.03.18"]

1. e4 e5 2. Nf3 d6 3. Bc4 Nc6 4. Nc3 Nf6 5. O-O Be7 6. Re1 Be6 7. Bb3 O-O 8. h3
Nd4 9. Nxd4 exd4 10. Nd5 c6 11. Nf4 d5 12. exd5 Nxd5 13. Nxe6 fxe6 14. Rxe6 Rf7
15. d3 Qd7 16. Qe2 Re8 17. Bd2 Ref8 (17... Rxf2 18. Kxf2 (18. Qxf2 Qxe6) 18...
Bh4+) 18. Rf1 Bf6 19. Re1 Re7 20. Rxe7 Bxe7 21. Qxe7 Qxe7 22. Rxe7 Rf7 23. Re8+
Rf8 24. Rxf8+ Kxf8 25. Bxd5 cxd5 26. f4 b5 27. Bb4+ Ke8 28. Bc5 a6 29. Bxd4 g6
30. Kf2 a5 31. Ke3 a4 32. Bc5 Kd7 33. Kd4 h5 34. Kxd5 Kc7 35. g4 g5 36. fxg5
Kb7 37. gxh5 Ka6 38. Bb4 a3 39. Bxa3 Ka5 40. h6 Ka4 41. h7 b4 42. Bxb4 Kxb4 43.
h8=Q 1-0

[Event "N4"]
[Site "bogny/rilly"]
[Date "2006.12.10"]
[Round "3"]
[White "BOHR, Frederic"]
[Black "RENARD, Luc"]
[Result "0-1"]
[WhiteElo "1280"]
[BlackElo "1650"]
[PlyCount "88"]
[EventDate "2006.12.10"]
[SourceDate "2007.03.18"]

1. e4 e6 2. d4 d5 3. e5 c5 4. Nf3 Nc6 5. c3 Qb6 6. Be2 cxd4 7. cxd4 Nge7 8. b3
Nf5 9. Bb2 Bb4+ 10. Nbd2 Nfxd4 11. Nxd4 Nxd4 12. O-O Nxe2+ 13. Qxe2 Bd7 14.
Rfd1 Rc8 15. Nf3 Bb5 16. Qe3 Qxe3 17. fxe3 Ke7 18. Nd4 Ba6 19. a4 Rc7 20. Rac1
Rhc8 21. Rxc7+ Rxc7 22. h3 f6 23. Nf3 Rc2 24. Bd4 Be2 25. Rb1 Bxf3 26. gxf3 Bc5
27. f4 Bxd4 28. exd4 Rc3 29. Kg2 Rd3 30. h4 Rxd4 31. Kg3 fxe5 32. fxe5 Rd3+ 33.
Kf4 Rd4+ 34. Kg5 Re4 35. Rc1 Rxe5+ 36. Kf4 Rf5+ 37. Kg4 Kd6 38. h5 Rf7 39. Rc8
Ke5 40. Re8 d4 41. Rh8 h6 42. Rd8 Ke4 43. Rd6 e5 44. Re6 d3 0-1

[Event "N4"]
[Site "enhm/tgv"]
[Date "2006.12.10"]
[Round "3"]
[White "HERMANN, jean philippe"]
[Black "BELLOY, Julien"]
[Result "1/2-1/2"]
[WhiteElo "2239"]
[BlackElo "2010"]
[PlyCount "147"]
[EventDate "2006.12.10"]
[SourceDate "2007.03.18"]

1. e4 c5 2. Nf3 Nc6 3. d4 cxd4 4. Nxd4 Nf6 5. Nc3 e5 6. Ndb5 d6 7. Bg5 a6 8.
Na3 b5 9. Nd5 Be7 10. Bxf6 Bxf6 11. c3 O-O 12. Nc2 Bg5 13. a4 bxa4 14. Rxa4 a5
15. Bc4 Rb8 16. b3 Be6 17. O-O Kh8 18. Qe2 f5 19. exf5 Bxf5 20. Nce3 Bg6 21.
Rfa1 Be8 22. R4a3 Bf7 23. Rd1 Qd7 24. Nf1 Bd8 25. Ng3 Bg6 26. Ne4 Bxe4 27. Qxe4
Qf5 28. Qxf5 Rxf5 29. Ne3 Rf6 30. Ng4 Rf4 31. h3 Bc7 32. g3 Rff8 33. Ra2 Ne7
34. Ne3 Rfd8 35. Rad2 g6 36. Ng4 Kg7 37. Kg2 Rf8 38. Ne3 Kf6 39. Ra1 Rfd8 40.
Rf1 Kg7 41. Rfd1 Rf8 42. Ra2 Rfe8 43. Kf3 Rb7 44. Ke4 Rc8 45. Nd5 Nxd5 46. Rxd5
Kf6 47. f4 (47. Ba6) 47... exf4 48. Rf2 Re8+ 49. Kxf4 Kg7 50. Ra2 Rbb8 51. Kf3
Re7 52. Rd3 Rf8+ 53. Kg2 Rf5 54. Bd5 Rfe5 55. Bf3 Re3 56. Rad2 Rxd3 57. Rxd3
Re5 58. Bd5 Bb6 59. Bc4 Bc5 60. g4 Re3 61. Rxe3 Bxe3 62. b4 axb4 63. cxb4 Kf6
64. Kf3 Bd2 65. b5 Ke5 66. b6 Ba5 67. b7 Bc7 68. Bd3 d5 69. h4 Kd6 70. Bb5 h6
71. g5 hxg5 72. hxg5 Kc5 73. Bd3 Kb6 74. Bxg6 1/2-1/2

[Event "N4"]
[Site "enhm/tgv"]
[Date "2006.12.10"]
[Round "3"]
[White "CARRE, Cedric"]
[Black "VIARD, Dominique"]
[Result "1-0"]
[WhiteElo "2086"]
[BlackElo "2070"]
[PlyCount "80"]
[EventDate "2006.12.10"]
[SourceDate "2007.03.18"]

1. Nf3 c5 2. g3 Nf6 3. Bg2 g6 4. c4 Bg7 5. O-O O-O 6. Nc3 Nc6 7. d4 cxd4 8.
Nxd4 Nxd4 9. Qxd4 d6 10. Qd3 Rb8 11. Be3 Bf5 12. Qd2 a6 13. Bh6 Bxh6 14. Qxh6
Qa5 15. Qe3 Be6 16. Rfc1 Rfc8 17. b3 b5 18. Nd5 Bxd5 19. cxd5 Kf8 20. Rc6 Rxc6
21. dxc6 Rc8 22. Qd4 Rc7 23. g4 Qa3 24. Qb6 Ne8 25. Qd4 e5 26. Qd2 Ke7 27. Rd1
Qc5 28. g5 Ng7 29. b4 Qd4 30. Qxd4 exd4 31. Rxd4 Ne6 32. Re4 Kf8 33. Rg4 Nd8
34. Rg3 Ne6 35. Rd3 Ke7 36. h4 Nf4 37. Re3+ Kf8 38. Bf3 Ne6 39. Ra3 Ra7 40. e3
Ke7 1-0

[Event "N4"]
[Site "enhm/tgv"]
[Date "2006.12.10"]
[Round "3"]
[White "THYES, Romuald"]
[Black "BELLOY, Nicolas"]
[Result "1/2-1/2"]
[WhiteElo "2040"]
[BlackElo "2050"]
[PlyCount "63"]
[EventDate "2006.12.10"]
[SourceDate "2007.03.18"]

1. e4 c6 2. d4 d5 3. exd5 cxd5 4. c4 Nf6 5. Nc3 e6 6. Nf3 Be7 7. c5 O-O 8. Bd3
b6 9. b4 a5 10. Na4 bxc5 11. bxc5 Nc6 12. Nb6 Ra7 13. Bb5 Nb8 14. Bf4 Na6 15.
Ne5 Nb8 16. Nxf7 Rxf7 ({coup joue?} 16... Kxf7 17. Bxb8 Rb7 18. Be5 Rxb6 19.
cxb6 Bb4+ 20. Kf1 Ne4 21. Bg3 Qxb6 22. a4 e5 23. Rc1 Bb7 24. Bd3 Qxd4 25. Bxe4
Qxe4 26. Qe2 Qg6 27. Qc2 Ba6+ 28. Kg1 Bd3 29. Qc6 Qg5 30. h4 Qd8 31. Qc8 Qxc8
32. Rxc8 Rxc8 33. Bxe5 Bc2 34. Rh3 Bxa4 35. Rf3+ Ke7 36. Bxg7 Bc6 37. Bf6+ Ke6
38. Bd4 Bd6 39. Re3+ Kd7 40. Bb6 a4 41. Bd4 Be7 42. g3 Bb5 43. Bb2 Bc4 44. h5
Bc5 45. Rf3 Ke6) 17. Bxb8 Rb7 18. Be5 Rxb6 19. cxb6 Bb4+ 20. Kf1 Ne4 21. Bg3
Qxb6 22. a4 e5 23. Rc1 Bb7 24. Bd3 Qxd4 25. Bxe4 Qxe4 26. Qe2 Qg6 27. Qc2 Ba6+
28. Kg1 Bd3 29. Qc6 Qg5 30. h4 Qd8 31. Qc8 Qxc8 32. Rxc8+ {TxT impossible}
1/2-1/2

[Event "N4"]
[Site "enhm/tgv"]
[Date "2006.12.10"]
[Round "3"]
[White "HENTZIEN, Maxime"]
[Black "DJELLOULI, Hassine"]
[Result "0-1"]
[WhiteElo "1940"]
[BlackElo "1900"]
[PlyCount "48"]
[EventDate "2006.12.10"]
[SourceDate "2007.03.18"]

1. e4 c6 2. d4 d5 3. e5 Bf5 4. Nc3 e6 5. g4 Bg6 6. Nge2 c5 7. Be3 Nc6 8. h4 h6
9. Nf4 Bh7 10. Bd3 Bxd3 11. Qxd3 c4 12. Qd2 Bb4 13. Nh5 g6 14. Ng3 Be7 15. h5
g5 16. Nce2 Qa5 17. c3 b5 18. O-O f6 19. Qc2 fxe5 20. Qg6+ Kd7 21. dxe5 Nxe5
22. Qg7 Nf6 23. Ne4 dxe4 24. Rfd1+ Nd3 0-1

[Event "N4"]
[Site "enhm/tgv"]
[Date "2006.12.10"]
[Round "3"]
[White "MORET, Florian"]
[Black "BIESBROUCK, Philippe"]
[Result "0-1"]
[WhiteElo "1780"]
[BlackElo "1870"]
[PlyCount "60"]
[EventDate "2006.12.10"]
[SourceDate "2007.03.18"]

1. e4 e5 2. d4 Nf6 3. dxe5 Nxe4 4. Bc4 Qe7 5. Qd4 Nc5 6. Nf3 Nc6 7. Qc3 Ne6 8.
O-O h6 9. Nbd2 b6 10. b3 Bb7 11. Bb2 g5 12. Ne4 O-O-O 13. a4 Bg7 14. Ba3 Qe8
15. b4 g4 16. b5 gxf3 17. bxc6 dxc6 18. Qxf3 Bxe5 19. Rab1 Rg8 20. Qf5 Bh8 21.
Rfe1 Kb8 22. Bb2 Bxb2 23. Rxb2 Rg6 24. Rbb1 c5 25. Bb5 Qg8 26. g3 Nd4 27. Qf4
f5 28. Bd3 Bxe4 29. Bxe4 fxe4 30. Qxe4 Re6 0-1

[Event "N4"]
[Site "enhm/tgv"]
[Date "2006.12.10"]
[Round "3"]
[White "BRODIER, Thierry"]
[Black "ROUABLE, Denis"]
[Result "1-0"]
[WhiteElo "1760"]
[BlackElo "1680"]
[PlyCount "37"]
[EventDate "2006.12.10"]
[SourceDate "2007.03.18"]

1. d4 d5 2. Nf3 Nf6 3. Bg5 Bg4 4. e3 e6 5. Nbd2 Be7 6. Bd3 c6 7. c3 Nbd7 8. Qc2
Rc8 9. O-O O-O 10. Ne5 Bh5 11. f4 h6 12. Bh4 c5 13. Ndf3 c4 14. Be2 Ne4 15.
Bxe7 Qxe7 16. Nxd7 Qxd7 17. Ne5 Qe7 18. Bxh5 f6 19. Ng6 1-0

[Event "N4"]
[Site "enhm/tgv"]
[Date "2006.12.10"]
[Round "3"]
[White "TALBOT, Remi"]
[Black "WILLE, Frederic"]
[Result "1-0"]
[WhiteElo "1650"]
[BlackElo "1690"]
[PlyCount "29"]
[EventDate "2006.12.10"]
[SourceDate "2007.03.18"]

1. d4 Nf6 2. c4 e6 3. Nf3 b6 4. g3 Bb7 5. Bg2 Be7 6. Nc3 O-O 7. O-O Ne4 8. Qc2
f5 9. Rd1 Nxc3 10. Qxc3 d6 11. Ng5 Qc8 12. Bxb7 Qxb7 13. Nxe6 Re8 14. d5 Nd7
15. Qxg7# 1-0

[Event "N4"]
[Site "enhm/tgv"]
[Date "2006.12.10"]
[Round "3"]
[White "FERRERO, Marjorie"]
[Black "PETEUIL, Camille"]
[Result "1-0"]
[WhiteElo "1210"]
[BlackElo "1310"]
[PlyCount "73"]
[EventDate "2006.12.10"]
[SourceDate "2007.03.18"]

1. e4 e5 2. Nf3 Nc6 3. Nc3 Nf6 4. d4 d6 5. d5 Nb4 6. a3 Na6 7. Bxa6 bxa6 8. O-O
h6 9. Re1 g5 10. Nd2 g4 11. Re3 h5 12. g3 Ng8 13. Ne2 h4 14. Nf1 Qg5 15. c4
hxg3 16. Rxg3 Qh5 17. Qa4+ Bd7 18. Qxa6 Be7 19. Be3 Bh4 20. Rg2 g3 21. Nexg3
Bxg3 22. fxg3 Bh3 23. Rf2 Bxf1 24. Raxf1 Nf6 25. Qc6+ Kd8 26. Qxa8+ Ke7 27.
Qxa7 Ng4 28. Rxf7+ Qxf7 29. Rxf7+ Kxf7 30. Qxc7+ Kf8 31. h4 Nxe3 32. Qxd6+ Kf7
33. c5 Rg8 34. Kf2 Nd1+ 35. Kf3 Rg6 36. Qd7+ Kf6 37. c6 1-0

[Event "N4"]
[Site "reims/chalons"]
[Date "2006.12.10"]
[Round "3"]
[White "DROIT, Vincent"]
[Black "CAUVIN, Mickael"]
[Result "1-0"]
[WhiteElo "2069"]
[BlackElo "2127"]
[PlyCount "65"]
[EventDate "2006.12.10"]
[SourceDate "2007.03.18"]

1. Nc3 c5 2. Nf3 Nc6 3. d4 cxd4 4. Nxd4 Qb6 5. Ndb5 Nf6 6. e4 a6 7. Na3 Qb4 8.
Bd3 b5 9. O-O Bb7 10. Nab1 g6 11. a3 Qa5 12. Bd2 Qc7 13. Bg5 Bg7 14. Bxf6 Bxf6
15. Nd5 Qe5 16. Nxf6+ Qxf6 17. Nc3 O-O 18. Qc1 Ne5 19. Be2 Rac8 20. Nd5 Bxd5
21. exd5 Rc5 22. Rd1 Rfc8 23. c3 d6 24. Qe3 Nd7 25. a4 bxa4 26. Bxa6 Rb8 27.
Rxa4 Rxb2 28. Rf4 Qe5 29. Re4 Rxd5 30. Rf1 Qf6 31. Rxe7 Ne5 32. Rc7 Rdd2 33.
Qh6 1-0